[Event "Capablanca Memorial op 53rd"]
[Site "Havana"]
[Date "2018.05.16"]
[Round "7"]
[White "Duran Vega, Sergio"]
[Black "Gonzalez Rondon, Gelacio"]
[Result "1-0"]
[WhiteElo "2360"]
[BlackElo "2186"]
[PlyCount "83"]
[EventDate "2018.05.09"]
[EventType "swiss"]
[EventRounds "10"]
[EventCountry "CUB"]
[SourceTitle "EXT 2021"]
[Source "ChessBase"]
[SourceDate "2020.10.23"]
[SourceVersion "1"]
[SourceVersionDate "2020.10.23"]
[SourceQuality "1"]

1. d4 Nf6 2. c4 c6 3. Nc3 d5 4. cxd5 cxd5 5. Bf4 e6 6. e3 Bd6 7. Bxd6 Qxd6 8. f4 0-0 9. Nf3 Bd7 10. Bd3 Qb6 11. Qe2 Nc6 12. 0-0 Rfc8 13. Ne5 Be8 14. Rf3 Ne7 15. g4 Bc6 16. Rh3 Ne4 17. Bxe4 dxe4 18. g5 g6 19. Ng4 Kg7 20. Nf6 Rh8 21. Nfxe4 Nf5 22. Ng3 Ne7 23. Qf2 h6 24. Rd1 Rad8 25. gxh6+ Rxh6 26. Rxh6 Kxh6 27. e4 Kg7 28. b3 Qa5 29. Qe3 f6 30. Rd2 Kf7 31. Nce2 Qb6 32. Nc3 Qa5 33. Kf2 Rh8 34. Ke1 b5 35. Kd1 b4 36. Nb1 f5 37. d5 exd5 38. exf5 gxf5 39. Re2 Qc7 40. Qe6+ Ke8 41. Nxf5 Rh7 42. Qg8+ 1-0

[Event "Capablanca Memorial op 53rd"]
[Site "Havana"]
[Date "2018.05.11"]
[Round "3"]
[White "Gutierrez Espinosa, Karen"]
[Black "Gonzalez Rondon, Gelacio"]
[Result "1/2-1/2"]
[WhiteElo "2060"]
[BlackElo "2186"]
[PlyCount "122"]
[EventDate "2018.05.09"]
[EventType "swiss"]
[EventRounds "10"]
[EventCountry "CUB"]
[SourceTitle "EXT 2019"]
[Source "ChessBase"]
[SourceDate "2018.10.10"]
[SourceVersion "1"]
[SourceVersionDate "2018.10.10"]
[SourceQuality "1"]

1. e4 d5 2. exd5 Qxd5 3. Nc3 Qd6 4. Nf3 Nf6 5. d4 c6 6. h3 Bf5 7. Bc4 Nbd7 8. Bg5 e6 9. Qd2 Qc7 10. 0-0-0 0-0-0 11. Kb1 h6 12. Bf4 Bd6 13. Bxd6 Qxd6 14. Qe2 Qc7 15. g4 Bg6 16. Ne5 Nxe5 17. dxe5 Nd7 18. f4 h5 19. Ne4 Bxe4 20. Qxe4 hxg4 21. hxg4 g6 22. Qe3 Nb6 23. Bb3 Rxd1+ 24. Rxd1 Rd8 25. Rxd8+ Qxd8 26. c3 Qh4 27. g5 Qh1+ 28. Kc2 Qg2+ 29. Kc1 Kc7 30. Qd4 Nc8 31. a3 a6 32. Kb1 Qf1+ 33. Ka2 Qb5 34. f5 c5 35. Qd1 c4 36. Ba4 Qxe5 37. Qd7+ Kb8 38. Bc2 exf5 39. Qxf7 Ne7 40. Qf6 Qc5 41. Ba4 Kc7 42. Be8 Qd6 43. Qf7 b5 44. Qg7 Kb6 45. Qf8 Kc5 46. Qf6 f4 47. Bf7 Kc6 48. Be8+ Kc7 49. Qf7 Kd8 50. Qf8 Kc7 51. Qf7 Qe5 52. Qf6 Qe4 53. Qxa6 Nc6 54. Bxc6 Qxc6 55. Qa7+ Kc8 56. Qf7 f3 57. Qf8+ Kc7 58. Qe7+ Kb6 59. Qe3+ Ka6 60. Qf4 Kb7 61. Qf7+ Ka6 1/2-1/2

[Event "Havana Cobo Memorial tt"]
[Site "Havana"]
[Date "2018.01.29"]
[Round "7"]
[White "Gonzalez Rondon, Gelacio"]
[Black "Gutierrez Espinosa, Karen"]
[Result "1-0"]
[WhiteElo "2133"]
[BlackElo "2071"]
[PlyCount "121"]
[EventDate "2018.01.25"]
[EventType "team-tourn"]
[EventRounds "10"]
[EventCountry "CUB"]
[SourceTitle "EXT 2021"]
[Source "ChessBase"]
[SourceDate "2020.10.23"]
[SourceVersion "1"]
[SourceVersionDate "2020.10.23"]
[SourceQuality "1"]

1. Nf3 c5 2. c4 Nc6 3. Nc3 g6 4. d4 cxd4 5. Nxd4 Bg7 6. Nf3 Nf6 7. e4 0-0 8. Be2 d6 9. h3 Be6 10. Be3 Rc8 11. Rc1 Qa5 12. 0-0 Nd7 13. Qd2 Nde5 14. Nxe5 dxe5 15. Nd5 Qxd2 16. Bxd2 Bxd5 17. cxd5 Nd4 18. Bd3 f5 19. f3 e6 20. dxe6 Nxe6 21. Rxc8 Rxc8 22. exf5 gxf5 23. Bxf5 Rc6 24. Bxe6+ Rxe6 25. Rc1 Re7 26. Be3 b6 27. b3 Rd7 28. Kf2 Bf6 29. Ke2 Kf7 30. Rc6 Kg6 31. g4 Kf7 32. g5 Be7 33. h4 Bd6 34. Kd3 Bc5+ 35. Ke4 Bxe3 36. Kxe3 Rd4 37. Rc4 Rd1 38. Ke4 Re1+ 39. Kf5 Re3 40. Rc7+ Kg8 41. Rxa7 Rxf3+ 42. Kxe5 Rf2 43. Rb7 Rxa2 44. Rxb6 Rh2 45. Rb4 Rh3 46. Kf5 Kg7 47. Rb7+ Kg8 48. Kg4 Rh1 49. b4 Rb1 50. Kh5 Rd1 51. b5 Rd5 52. b6 Rd6 53. Kg4 Rc6 54. Kf5 Rc5+ 55. Ke6 Rc6+ 56. Kd5 Rc1 57. Rc7 Rd1+ 58. Ke5 Re1+ 59. Kf5 Rf1+ 60. Kg4 Rg1+ 61. Kh5 1-0

[Event "Havana Cobo Memorial tt"]
[Site "Havana"]
[Date "2018.01.26"]
[Round "2"]
[White "Gutierrez Espinosa, Karen"]
[Black "Gonzalez Rondon, Gelacio"]
[Result "1-0"]
[WhiteElo "2071"]
[BlackElo "2133"]
[PlyCount "75"]
[EventDate "2018.01.25"]
[EventType "team-tourn"]
[EventRounds "10"]
[EventCountry "CUB"]
[SourceTitle "EXT 2021"]
[Source "ChessBase"]
[SourceDate "2020.10.23"]
[SourceVersion "1"]
[SourceVersionDate "2020.10.23"]
[SourceQuality "1"]

1. e4 c5 2. Nf3 d6 3. d4 cxd4 4. Nxd4 Nf6 5. Nc3 a6 6. Bc4 e6 7. Bb3 Qc7 8. 0-0 Bd7 9. Kh1 Nc6 10. f4 Nxd4 11. Qxd4 Bc6 12. f5 e5 13. Qd3 h6 14. Nd5 Bxd5 15. Bxd5 Nxd5 16. Qxd5 Rc8 17. Rf2 Be7 18. c3 Qc6 19. Qd3 b5 20. Qf3 Qc4 21. Be3 Rd8 22. Rd2 Rd7 23. a3 0-0 24. Bxh6 f6 25. Qg4 Rf7 26. Rad1 Bf8 27. Rd5 a5 28. Bc1 b4 29. axb4 axb4 30. cxb4 Qxb4 31. R5d3 d5 32. Qe2 d4 33. Rh3 Bc5 34. g4 Qb8 35. Qg2 Be7 36. Rh4 Bd8 37. b4 Be7 38. Qh3 1-0

[Event "Maria Teresa Mora Memorial Premier"]
[Site "Havana"]
[Date "2018.??.??"]
[Round "1"]
[White "Gonzalez Rondon, Gelacio"]
[Black "Fernandez Garcia, Arturo"]
[Result "1-0"]
[WhiteElo "2141"]
[BlackElo "2127"]
[PlyCount "120"]
[EventDate "2018.03.08"]
[EventType "tourn"]
[EventRounds "9"]
[EventCountry "CUB"]
[SourceTitle "EXT 2021"]
[Source "ChessBase"]
[SourceDate "2020.10.23"]
[SourceVersion "1"]
[SourceVersionDate "2020.10.23"]
[SourceQuality "1"]

1. Nf3 d5 2. g3 Nf6 3. Bg2 Bf5 4. 0-0 e6 5. c4 c6 6. Qb3 Qb6 7. Nc3 Nbd7 8. Qxb6 Nxb6 9. cxd5 exd5 10. d3 Be7 11. e4 dxe4 12. Nh4 Be6 13. dxe4 0-0 14. b3 Rad8 15. Rd1 Rxd1+ 16. Nxd1 Rd8 17. Bb2 Ng4 18. Nf3 h6 19. h3 Nf6 20. Nd4 Bc8 21. Ne3 Bc5 22. Rd1 Nh7 23. Kf1 Ng5 24. h4 Ne6 25. Nxe6 Rxd1+ 26. Nxd1 Bxe6 27. Ke2 a5 28. Kd3 a4 29. Kc3 Nd7 30. Bc1 Kf8 31. f4 f6 32. Be3 Bxe3 33. Nxe3 Nc5 34. b4 Na6 35. a3 Nc7 36. Bf1 Ke7 37. Kd4 b6 38. Bd3 Kd7 39. g4 Bf7 40. Nf5 Ne6+ 41. Ke3 Bg6 42. Ng3 Nc7 43. h5 Bh7 44. Bc4 Ne8 45. Kd4 Nd6 46. Be2 Ke6 47. Bc4+ Nxc4 48. Kxc4 Kd6 49. Kd4 Ke6 50. Ne2 Kd6 51. Nc3 b5 52. Nd1 g6 53. hxg6 Bxg6 54. Ne3 h5 55. gxh5 Bxh5 56. Nf5+ Ke6 57. Kc5 Bf3 58. Nd6 Be2 59. e5 fxe5 60. fxe5 Bf3 1-0

[Event "Maria Teresa Mora Memorial Premier"]
[Site "Havana"]
[Date "2018.??.??"]
[Round "3"]
[White "Gonzalez Rondon, Gelacio"]
[Black "Rodriguez Gutierrez, Brayans"]
[Result "1-0"]
[WhiteElo "2141"]
[BlackElo "2136"]
[PlyCount "75"]
[EventDate "2018.03.08"]
[EventType "tourn"]
[EventRounds "9"]
[EventCountry "CUB"]
[SourceTitle "EXT 2021"]
[Source "ChessBase"]
[SourceDate "2020.10.23"]
[SourceVersion "1"]
[SourceVersionDate "2020.10.23"]
[SourceQuality "1"]

1. Nf3 Nf6 2. g3 e6 3. Bg2 d5 4. d4 b6 5. 0-0 Bb7 6. c4 Bd6 7. Nc3 0-0 8. cxd5 exd5 9. Nb5 Be7 10. Bf4 Na6 11. a4 c6 12. Nc3 Bd6 13. Bxd6 Qxd6 14. Ne5 Rfe8 15. e3 Rad8 16. Nd3 Nb4 17. Re1 a5 18. Bf3 Ne4 19. Nxb4 Qxb4 20. Qc2 c5 21. Bxe4 Rxe4 22. Nxe4 dxe4 23. dxc5 Rd2 24. Red1 Rd3 25. Rxd3 exd3 26. Qxd3 h6 27. Qd4 bxc5 28. Qxb4 cxb4 29. Rc1 b3 30. Rc5 Kf8 31. Rxa5 Ke8 32. Rb5 Ba6 33. Rxb3 Kd7 34. Rb6 Bc8 35. b4 Kc7 36. a5 Bd7 37. e4 h5 38. Kf1 1-0

[Event "Giraldilla de La Habana tt"]
[Site "Havana"]
[Date "2018.??.??"]
[Round "4.2"]
[White "Gonzalez Rondon, Gelacio"]
[Black "Santander Valle, David A"]
[Result "1/2-1/2"]
[WhiteElo "2146"]
[BlackElo "2099"]
[PlyCount "92"]
[EventDate "2018.07.27"]
[EventType "team-tourn"]
[EventRounds "9"]
[EventCountry "CUB"]
[SourceTitle "EXT 2021"]
[Source "ChessBase"]
[SourceDate "2020.10.23"]
[SourceVersion "1"]
[SourceVersionDate "2020.10.23"]
[SourceQuality "1"]

1. Nf3 g6 2. c4 Bg7 3. d4 d6 4. Nc3 Nd7 5. g3 e5 6. Bg2 Ne7 7. 0-0 0-0 8. dxe5 dxe5 9. Rb1 c6 10. b3 Qa5 11. Bd2 Qc7 12. Qc1 Nf5 13. g4 Nd4 14. Bh6 Nc5 15. Bxg7 Kxg7 16. h3 Nce6 17. e3 Nxf3+ 18. Bxf3 f5 19. Bg2 Ng5 20. gxf5 Rxf5 21. f4 exf4 22. exf4 Qb6+ 23. Rf2 Ne6 24. Ne2 Bd7 25. Qd2 Rf7 26. Rbf1 Rd8 27. Qc3+ Kg8 28. Kh1 Ng7 29. c5 Qc7 30. Ng3 Bf5 31. Rd2 Rxd2 32. Qxd2 Rd7 33. Qb4 a5 34. Qc4+ Be6 35. Qc3 Qd8 36. Rf3 Bd5 37. Rf2 Bxg2+ 38. Kxg2 Rd4 39. Kh2 Rd3 40. Qe5 Rd2 41. Ne4 Rxf2+ 42. Nxf2 Nf5 43. Ne4 Qd3 44. Qe6+ Kg7 45. Qf6+ Kh6 46. Qg5+ Kg7 1/2-1/2

[Event "Capablanca Memorial op-B 48th"]
[Site "Havana"]
[Date "2013.04.24"]
[Round "4"]
[White "Ben Artiles, Laura"]
[Black "Gonzalez Rondon, Gelacio"]
[Result "0-1"]
[WhiteElo "2019"]
[BlackElo "2146"]
[PlyCount "156"]
[EventDate "2013.04.21"]
[EventType "swiss"]
[EventRounds "9"]
[EventCountry "CUB"]
[SourceTitle "CBM 154 Extra"]
[Source "ChessBase"]
[SourceDate "2013.06.25"]
[SourceVersion "2"]
[SourceVersionDate "2013.06.25"]
[SourceQuality "1"]

1. e4 d5 2. exd5 Qxd5 3. Nc3 Qd6 4. d4 Nf6 5. Nf3 c6 6. g3 Bg4 7. Bg2 e6 8. Bf4 Qd8 9. 0-0 Bd6 10. Qd2 Bxf3 11. Bxf3 0-0 12. Rad1 Qc7 13. Bxd6 Qxd6 14. Ne4 Nxe4 15. Bxe4 Nd7 16. c4 Rfd8 17. Qc2 Nf6 18. Bf3 Rd7 19. Qb3 Rad8 20. Rfe1 h6 21. Re3 Qc7 22. Red3 Qa5 23. c5 a6 24. Qc4 Nd5 25. Ra3 Qc7 26. Rad3 Nf6 27. Kg2 Re8 28. b4 Red8 29. R1d2 g6 30. a4 Nd5 31. b5 axb5 32. axb5 Ra8 33. Rb2 Qa5 34. Bxd5 Rxd5 35. bxc6 bxc6 36. Rb6 Qe1 37. Re3 Qd1 38. Rd3 Qe2 39. Qc3 Qe4+ 40. Kg1 e5 41. Rb4 Ra2 42. Re3 exd4 43. Qe1 dxe3 44. Rxe4 exf2+ 45. Qxf2 Rxf2 46. Kxf2 Rxc5 47. Ke3 Rd5 48. Rc4 Rd6 49. Ke4 Kf8 50. g4 Ke7 51. Rc5 Re6+ 52. Kd4 Kd6 53. Ra5 Rf6 54. Ke4 Rf2 55. h4 Rh2 56. h5 Rh4 57. Kf3 gxh5 58. gxh5 f6 59. Rf5 Ke6 60. Rc5 Kd6 61. Rf5 Ke7 62. Rc5 Rh1 63. Kg4 Rg1+ 64. Kh4 Kd6 65. Rf5 Re1 66. Rxf6+ Re6 67. Rf8 c5 68. Rd8+ Ke5 69. Kg4 Rf6 70. Rg8 c4 71. Rd8 Ke4 72. Kh4 c3 73. Rc8 Kd3 74. Kg3 c2 75. Rd8+ Ke2 76. Rc8 Kd2 77. Rd8+ Kc1 78. Kg2 Rb6 0-1

[Event "Capablanca Memorial op-B 48th"]
[Site "Havana"]
[Date "2013.04.23"]
[Round "3"]
[White "Gonzalez Rondon, Gelacio"]
[Black "Bravo Jaramillo, Santiago"]
[Result "1-0"]
[WhiteElo "2146"]
[BlackElo "1627"]
[PlyCount "107"]
[EventDate "2013.04.21"]
[EventType "swiss"]
[EventRounds "9"]
[EventCountry "CUB"]
[SourceTitle "CBM 154 Extra"]
[Source "ChessBase"]
[SourceDate "2013.06.25"]
[SourceVersion "2"]
[SourceVersionDate "2013.06.25"]
[SourceQuality "1"]

1. d4 d5 2. Nf3 Nf6 3. c4 e6 4. Nc3 Nbd7 5. Bg5 Be7 6. e3 b6 7. cxd5 exd5 8. Bb5 Bb7 9. Ne5 0-0 10. Nc6 Bxc6 11. Bxc6 Rc8 12. Qb3 h6 13. Bh4 a5 14. a3 Rb8 15. Rc1 Kh8 16. 0-0 g5 17. Bg3 Bd6 18. Bxd6 cxd6 19. Nb5 Qe7 20. Bxd5 Rbc8 21. Rxc8 Rxc8 22. Bxf7 Rc6 23. Be6 Nf8 24. d5 Rc5 25. Nd4 N8d7 26. e4 Rc7 27. Qh3 Qf8 28. f4 gxf4 29. Qf5 Qg7 30. Qxf4 Nh5 31. Qf2 Ndf6 32. Bf5 Rf7 33. Ne6 Qg8 34. Qxb6 Ng4 35. Qxd6 Ne3 36. Qe5+ Nf6 37. Rf2 Qc8 38. Qc3 Qxc3 39. bxc3 Nfxd5 40. exd5 Rxf5 41. Rxf5 Nxf5 42. c4 Kg8 43. Kf2 Kf7 44. Ke2 Ke7 45. Kd3 Kd6 46. Ke4 Nh4 47. g3 Ng6 48. h4 a4 49. h5 Ne7 50. g4 Kd7 51. Ke5 Ng8 52. c5 Ke7 53. d6+ Kd7 54. Nd4 1-0

[Event "Havana City-ch"]
[Site "Havana"]
[Date "2009.12.19"]
[Round "7"]
[White "Gonzalez Rondon, Gelacio"]
[Black "Leon Valdes, Jony Wilson"]
[Result "1/2-1/2"]
[WhiteElo "2124"]
[BlackElo "2141"]
[PlyCount "40"]
[EventDate "2009.12.13"]
[EventType "swiss"]
[EventRounds "9"]
[EventCountry "CUB"]
[SourceTitle "CBM 134 Extra"]
[Source "ChessBase"]
[SourceDate "2010.03.03"]
[SourceVersion "1"]
[SourceVersionDate "2010.03.03"]
[SourceQuality "1"]

1. d4 e6 2. c4 Nf6 3. Nc3 d5 4. Nf3 c6 5. Bg5 Be7 6. e3 0-0 7. Qc2 Nbd7 8. cxd5 exd5 9. Bd3 Re8 10. 0-0 Nf8 11. Rab1 Ne4 12. Bxe7 Qxe7 13. b4 a6 14. a4 Bf5 15. b5 Nxc3 16. Qxc3 Bxd3 17. Qxd3 cxb5 18. axb5 a5 19. Rfc1 Rec8 20. Rxc8 Rxc8 1/2-1/2

[Event "Havana City-ch"]
[Site "Havana"]
[Date "2009.12.13"]
[Round "1"]
[White "Gonzalez Rondon, Gelacio"]
[Black "Silva Mazorra, Pedro Pablo"]
[Result "1/2-1/2"]
[WhiteElo "2124"]
[BlackElo "1983"]
[PlyCount "100"]
[EventDate "2009.12.13"]
[EventType "swiss"]
[EventRounds "9"]
[EventCountry "CUB"]
[SourceTitle "CBM 134 Extra"]
[Source "ChessBase"]
[SourceDate "2010.03.03"]
[SourceVersion "1"]
[SourceVersionDate "2010.03.03"]
[SourceQuality "1"]

1. e4 c6 2. Nc3 d5 3. d4 dxe4 4. Nxe4 Bf5 5. Ng3 Bg6 6. h4 h6 7. h5 Bh7 8. Nf3 Nd7 9. Bd3 Bxd3 10. Qxd3 Ngf6 11. c4 e6 12. Bf4 c5 13. 0-0 Be7 14. d5 exd5 15. cxd5 c4 16. Qxc4 Nb6 17. Qb5+ Qd7 18. Qxd7+ Nfxd7 19. Rad1 0-0 20. Rfe1 Bf6 21. b3 Rac8 22. Re2 Rfd8 23. Ne4 Kh7 24. Nxf6+ Nxf6 25. d6 Nfd5 26. Rd4 Nxf4 27. Rxf4 f6 28. Rd4 Rc5 29. Red2 Rxh5 30. d7 Rc5 31. Nh4 Rc7 32. Nf5 Rcxd7 33. Rxd7 Rxd7 34. Rxd7 Nxd7 35. Nd6 b6 36. Nc8 a6 37. Ne7 Nc5 38. Nd5 b5 39. Nc7 Nd3 40. Nxa6 Nc1 41. Nc7 b4 42. Na6 Nxa2 43. Kf1 Kg6 44. Ke2 Kf5 45. Kd2 Ke4 46. Kc2 Kd4 47. Kb2 Kd3 48. Kxa2 Ke2 49. Nxb4 Kxf2 50. Nd5 Kxg2 1/2-1/2

[Event "Havana Province Oeste zt"]
[Site "Havana"]
[Date "2009.10.06"]
[Round "3"]
[White "Gonzalez Rondon, Gelacio"]
[Black "Arguelles, Hector"]
[Result "1-0"]
[WhiteElo "2097"]
[BlackElo "2175"]
[PlyCount "77"]
[EventDate "2009.10.03"]
[EventType "swiss"]
[EventRounds "9"]
[EventCountry "CUB"]
[SourceTitle "EXT 2012"]
[Source "ChessBase"]
[SourceDate "2011.11.24"]
[SourceVersion "1"]
[SourceVersionDate "2011.11.24"]
[SourceQuality "1"]

1. d4 d5 2. c4 c6 3. Nc3 e5 4. e3 e4 5. cxd5 cxd5 6. Qb3 Nf6 7. f3 Bd6 8. Bd2 0-0 9. fxe4 Nxe4 10. Nxe4 dxe4 11. g3 Nc6 12. 0-0-0 a5 13. Kb1 Nb4 14. Bxb4 axb4 15. Bh3 Bxh3 16. Nxh3 Ra5 17. Nf4 Qd7 18. Ne2 Rfa8 19. Nc1 Rf5 20. Rhf1 Raa5 21. Qc2 Qe6 22. Nb3 Ra8 23. Rxf5 Qxf5 24. Qe2 h5 25. Rf1 Qd5 26. Rc1 g6 27. Qc4 Qxc4 28. Rxc4 f5 29. Rc2 Kf7 30. Nc5 b3 31. axb3 b5 32. b4 h4 33. Rg2 g5 34. gxh4 g4 35. Rf2 Kg6 36. h5+ Kg5 37. Ne6+ Kf6 38. Nc5 Rh8 39. Nxe4+ 1-0

[Event "Havana del Este"]
[Site "Havana"]
[Date "2009.09.24"]
[Round "17"]
[White "Gonzalez Rondon, Gelacio"]
[Black "Cierna Rodriguez, Alain"]
[Result "1/2-1/2"]
[WhiteElo "2097"]
[BlackElo "2133"]
[PlyCount "60"]
[EventDate "2009.09.08"]
[EventType "tourn"]
[EventRounds "22"]
[EventCountry "CUB"]
[SourceTitle "EXT 2011"]
[Source "ChessBase"]
[SourceDate "2010.11.26"]
[SourceVersion "1"]
[SourceVersionDate "2010.11.26"]
[SourceQuality "1"]

1. d4 Nf6 2. c4 e6 3. Nc3 Bb4 4. Qc2 c5 5. dxc5 Nc6 6. Nf3 h6 7. a3 Bxc5 8. e3 b6 9. Be2 Bb7 10. 0-0 Rc8 11. b4 Bd6 12. Bb2 0-0 13. Rac1 Ne5 14. Nxe5 Bxe5 15. Nb5 Bb8 16. Qd1 d5 17. cxd5 Rxc1 18. Qxc1 Qxd5 19. f3 Rc8 20. Qd1 Qg5 21. Qd2 Qh4 22. f4 Ne4 23. Qd7 Rc2 24. Qxb7 Rxe2 25. Qxb8+ Kh7 26. Qe5 Rxg2+ 27. Kxg2 Qg4+ 28. Kh1 Ng3+ 29. hxg3 Qh3+ 30. Kg1 Qxg3+ 1/2-1/2

[Event "Havana del Este"]
[Site "Havana"]
[Date "2009.09.20"]
[Round "15"]
[White "Gonzalez Rondon, Gelacio"]
[Black "Fuentes Garcia, Diosbel Enrique"]
[Result "1/2-1/2"]
[WhiteElo "2097"]
[BlackElo "2104"]
[PlyCount "72"]
[EventDate "2009.09.08"]
[EventType "tourn"]
[EventRounds "22"]
[EventCountry "CUB"]
[SourceTitle "EXT 2011"]
[Source "ChessBase"]
[SourceDate "2010.11.26"]
[SourceVersion "1"]
[SourceVersionDate "2010.11.26"]
[SourceQuality "1"]

1. d4 d5 2. c4 c6 3. Nc3 e5 4. cxd5 cxd5 5. e3 e4 6. f3 Bb4 7. Bd2 Bxc3 8. Bxc3 Nc6 9. f4 Nf6 10. Be2 a6 11. Qd2 Bg4 12. h3 Bxe2 13. Nxe2 Rc8 14. 0-0 h5 15. Bb4 Nxb4 16. Qxb4 Qe7 17. Qxe7+ Kxe7 18. Rfc1 Nd7 19. Kf2 Nb6 20. b3 Kd6 21. g3 f5 22. h4 Nd7 23. Ng1 Nf6 24. Nh3 Ng4+ 25. Ke2 b6 26. Ng5 Nh6 27. Kd2 Kd7 28. Ke2 Rhf8 29. Kd2 Ng4 30. Ke2 a5 31. a4 Nh6 32. Kd2 Ng4 33. Ke2 Nh6 34. Kd2 Ng4 35. Ke2 Nh6 36. Kd2 Ng4 1/2-1/2

[Event "Havana del Este"]
[Site "Havana"]
[Date "2009.09.19"]
[Round "12"]
[White "Torrez Uriarte, Reinier"]
[Black "Gonzalez Rondon, Gelacio"]
[Result "1-0"]
[WhiteElo "1789"]
[BlackElo "2097"]
[PlyCount "143"]
[EventDate "2009.09.08"]
[EventType "tourn"]
[EventRounds "22"]
[EventCountry "CUB"]
[SourceTitle "EXT 2011"]
[Source "ChessBase"]
[SourceDate "2010.11.26"]
[SourceVersion "1"]
[SourceVersionDate "2010.11.26"]
[SourceQuality "1"]

1. e4 c5 2. Nf3 d6 3. d4 cxd4 4. Nxd4 Nf6 5. Nc3 a6 6. Be3 e5 7. Nb3 Be6 8. f4 Ng4 9. Bc1 exf4 10. Bxf4 Nc6 11. Qd2 Be7 12. 0-0-0 h6 13. h3 Nge5 14. Kb1 0-0 15. g4 Rc8 16. Be2 Re8 17. Nd5 Bg5 18. h4 Bxf4 19. Qxf4 Ng6 20. Qf2 Nge5 21. g5 Bxd5 22. exd5 Nb8 23. gxh6 Qf6 24. Qxf6 gxf6 25. Nd4 Kh8 26. Rhf1 Nc4 27. Rxf6 Ne3 28. Rd2 Rc7 29. a3 Nxd5 30. Rxd6 Ne3 31. Bd3 Rd7 32. Rxd7 Nxd7 33. Re2 Re7 34. Kc1 f5 35. Rf2 Nc5 36. Kd2 Nxd3 37. cxd3 Ng4 38. Rxf5 Nxh6 39. Rh5 Rh7 40. Nf5 Nf7 41. Rxh7+ Kxh7 42. Ke3 Kg6 43. Ke4 Kf6 44. d4 Ke6 45. d5+ Kf6 46. d6 Ke6 47. Kf4 a5 48. h5 b5 49. h6 Nxh6 50. Nxh6 Kxd6 51. Ke4 Kc5 52. Kd3 Kd5 53. Ng4 Kc5 54. Ne3 Kc6 55. Kd4 Kd6 56. Nd5 Kc6 57. Nc3 b4 58. axb4 axb4 59. Ne4 Kb5 60. b3 Ka5 61. Kc5 Ka6 62. Kxb4 Kb6 63. Nc3 Kc6 64. Ka5 Kb7 65. Kb5 Kc7 66. Ka6 Kb8 67. b4 Ka8 68. b5 Kb8 69. Nd5 Ka8 70. Kb6 Kb8 71. Nb4 Ka8 72. Kc7 1-0

[Event "Havana del Este"]
[Site "Havana"]
[Date "2009.09.16"]
[Round "9"]
[White "Guerra Hernandez, Conrado Luis"]
[Black "Gonzalez Rondon, Gelacio"]
[Result "1/2-1/2"]
[WhiteElo "2026"]
[BlackElo "2097"]
[PlyCount "44"]
[EventDate "2009.09.08"]
[EventType "tourn"]
[EventRounds "22"]
[EventCountry "CUB"]
[SourceTitle "EXT 2011"]
[Source "ChessBase"]
[SourceDate "2010.11.26"]
[SourceVersion "1"]
[SourceVersionDate "2010.11.26"]
[SourceQuality "1"]

1. e4 c5 2. Nf3 d6 3. d4 cxd4 4. Nxd4 Nf6 5. f3 a6 6. c4 e6 7. Be3 Be7 8. Nc3 Nc6 9. Be2 0-0 10. 0-0 Bd7 11. Qd2 Rc8 12. Rfd1 Qc7 13. Rac1 Qb8 14. Bf1 Rfd8 15. Qf2 Re8 16. b3 h6 17. Nxc6 Bxc6 18. Ba7 Qa8 19. Be3 Qb8 20. Ba7 Qa8 21. Be3 Qb8 22. Ba7 Qa8 1/2-1/2

[Event "Havana del Este"]
[Site "Havana"]
[Date "2009.09.08"]
[Round "1"]
[White "Gonzalez Rondon, Gelacio"]
[Black "Torrez Uriarte, Reinier"]
[Result "1/2-1/2"]
[WhiteElo "2097"]
[BlackElo "1789"]
[PlyCount "113"]
[EventDate "2009.09.08"]
[EventType "tourn"]
[EventRounds "22"]
[EventCountry "CUB"]
[SourceTitle "EXT 2011"]
[Source "ChessBase"]
[SourceDate "2010.11.26"]
[SourceVersion "1"]
[SourceVersionDate "2010.11.26"]
[SourceQuality "1"]

1. d4 d5 2. c4 e6 3. Nc3 Nf6 4. Bg5 Be7 5. e3 c6 6. Nf3 Nbd7 7. Qc2 0-0 8. Bd3 Re8 9. 0-0 dxc4 10. Bxc4 Nd5 11. Bxe7 Qxe7 12. Nxd5 exd5 13. Bd3 g6 14. Rab1 Nf6 15. Ne5 Ng4 16. Nf3 Nh6 17. b4 a6 18. Rfe1 Bf5 19. Nd2 Bxd3 20. Qxd3 f5 21. h3 Nf7 22. Rec1 Nd6 23. a4 Rac8 24. a5 Ne4 25. Nf3 Ng5 26. Ne5 Nf7 27. Nf3 Rcd8 28. Qc2 Rd7 29. Qc5 Qd6 30. g3 Qb8 31. Kg2 Rde7 32. h4 h5 33. Rb3 Kg7 34. Rb2 Qd6 35. Qxd6 Nxd6 36. Ne5 Nf7 37. f4 Nh6 38. Kf3 Nf7 39. Rb3 Nd8 40. Rbc3 Kh7 41. R3c2 Kg7 42. Kg2 Kh7 43. Ra2 Kg7 44. Kf3 Kh7 45. Ke2 Kg7 46. Kd3 Kh7 47. Rf2 Kg7 48. Rh1 Rh8 49. Rc2 Rhe8 50. Ra1 Kh7 51. Kc3 Kg7 52. Kb3 Kh7 53. Rh1 Kg7 54. Rf2 Rf8 55. Rc1 Rfe8 56. Ra2 Kh7 57. Rac2 1/2-1/2